| 000 | 01605cam a2200277 4500 | ||
|---|---|---|---|
| 001 | ABS64351 | ||
| 008 | 010813n2001 000 0 eng u | ||
| 035 | _a(Sirsi) u114067 | ||
| 100 | _aAtkinson, D | ||
| 245 | _aGauging the impact of Section 111 | ||
| 260 | _c2001 | ||
| 490 |
_aConstruction News _v(6727) 2 August 2001, 12(1) |
||
| 520 | _aA s111 notice is required to be given if payment of the sum due is to be withheld. The notice must state in writing the amounts to be withheld and the grounds for each amount. A s111 notice for abatement is probably not necessary for defects that are obvious at the time of assessment of the work in question, but should be given in view of the conflicting court decisions so far. A s111 notice may be required for abatement of price in an interim payment for work previously paid for and subsequently found to be defective. If the last payment has been made before the defect becomes apparent, an adjudicator's order can be sought or litigation or arbitration commenced. [Taken from journal abstract]. | ||
| 590 | _aABS | ||
| 650 | _aHOUSING GRANTS CONSTRUCTION AND REGENERATION ACT 1996 S111 | ||
| 650 | _aS111 NOTICES | ||
| 650 | _aABATEMENT | ||
| 650 | _aWITHHOLDING PAYMENT | ||
| 650 | _aDEFECTIVE WORK | ||
| 650 | _aSL TIMBER SYSTEMS LTD V CARILLION CONSTRUCTION LTD | ||
| 650 | _aWOODS HARDWICK LTD V CHILTERN AIR CONDITIONING | ||
| 650 | _aNORTHERN DEVELOPMENTS (CUMBRIA) LTD V J & J NICHOL | ||
| 650 | _aWHITEWAYS CONTRACTORS (SUSSEX) LTD V IMPRESA CASTELLI CONSTRUCTION UK LTD | ||
| 690 |
_aDispute resolution _96236 |
||
| 942 | _n0 | ||
| 999 |
_c67989 _d67989 |
||